| 000 | 01717cam a22001934a 4500 | ||
|---|---|---|---|
| 005 | 20250605164341.0 | ||
| 008 | 250528s ||||||||||||||||||||||||d | ||
| 035 | _a23623 | ||
| 040 |
_aGR-AtMCL _bgre _dGR-AtMCL _eAACR2 |
||
| 245 | 1 | _aΧάραξη Διαφημιστικής Στρατηγικής για την Εταιρία Intermove Α.Ε. | |
| 260 | _c2016 | ||
| 300 | _a89 | ||
| 520 | _aΠερίληψη, Ευχαριστίες, Περιεχόμενα Πινάκων, Περιεχόμενα Γραφημάτων, Εισαγωγή, Σκοπός της Έρευνας, Στόχοι, Διάρθρωση Ενοτήτων, Βιβλιογραφική Ανασκόπηση, Αναγνωρισιμότητα, Προέλευση Αναγνωρισιμότητας, Word of Mouth, Μέσα Διαφήμισης, Κατηγορίες Διαφήμισης, Καταναλωτής, Κατάτμηση Αγοράς, Σχεδιασμός Έρευνας και Μεθοδολογία, Φιλοσοφία Έρευνας, Σχεδιασμός και Στρατηγική Έρευνας, Ευρήματα και Αποτελέσματα και Εφαρμογή και Ανάλυση Αποτελεσμάτων, Δεδομένα, Ανάλυση Αποτελεσμάτων ανά Στόχο, Μελλοντική Ζήτηση, Αναγνωρισιμότητα της Εταιρίας σε Σύγκριση με Αυτήν του Ανταγωνισμού, Εφαρμογή και Ανάλυση, Συμπεράσματα, Προσωπικός Αναστοχασμός. | ||
| 700 | 1 |
_aΝτίμπ Μιχαήλ _99215 |
|
| 700 | 1 |
_aΠαινέσης Γρηγόριος _99216 |
|
| 942 | _cDS | ||
| 999 |
_c8623 _d8623 |
||